000 00675nam a2200229Ia 4500
003 OSt
005 20220927104552.0
006 a|||||r|||| 00| 0
007 ta
008 220926b |||||||| |||| 00| 0 eng d
024 _a153949
037 _cReference Collections
040 _aRTL
_cRTL
_beng
041 _2eng
_aeng
082 _a"X9(J3):(Z1), K5/UN"
110 _a"U N, Food and Agriculture Organisation"
_9366495
245 0 _aTechnical Basis for Legislation on irradiated food
260 _c1965
700 _a"U N, Food and Agriculture Organisation"
_9366496
942 _h"X9(J3):(Z1), K5/UN"
_cCC
999 _c688032
_d688032